| 000 | 00670nam a2200181 a 4500 | ||
|---|---|---|---|
| 008 | 120416s1990 ||||||||||||||||| || u | ||
| 020 | _a922106459X | ||
| 050 | _aHD 8013.A31 Rob | ||
| 100 | _aRobinson, Derek, 1932 Feb. 9- | ||
| 245 | 1 | 0 | _aCivil service pay in Africa |
| 260 |
_aGeneva _bInternational Labour Office _c1990 |
||
| 300 | _axi, 220p. : ill | ||
| 350 | _a0.00 | ||
| 650 | _aGOVERNMENT | ||
| 650 | _aAFRICA--OFFICIALS AND EMPLOYEES--SALARIES, ETC | ||
| 710 | _aInternational Labour Office | ||
| 995 |
_D0.00 _FCBU-MAIN LIBRARY (Kitwe) _H1 _I8937.50 _M1 _UAVAILABLE _ZAnnex Low-Usage Collection |
||
| 999 |
_c37509 _d37509 |
||